| 000 | 00686nam a2200217 a 4500 | ||
|---|---|---|---|
| 005 | 20240823063715.0 | ||
| 008 | 030305s2001 es r 000 0 spa d | ||
| 020 | _a8477388881 | ||
| 035 | _aUPN01000122531 | ||
| 049 | _aCG | ||
| 050 | 4 |
_aRJ503.6 _bE9.3 |
|
| 100 | 1 | _aEzpeleta Ascaso, Lourdes | |
| 245 | 1 | 3 |
_aLa entrevista diagnóstica con niños y adolescentes / _cLourdes Ezpeleta Ascaso. |
| 260 |
_aMadrid : _bSíntesis, _cc2001. |
||
| 300 | _a203 p. | ||
| 440 | 0 |
_aPsicología clínica. _pGuías técnicas ; _v3 |
|
| 650 | 4 |
_aENTREVISTAS EN PSIQUIATRIA INFANTIL _910376 |
|
| 650 | 4 |
_aPsiquiatría infantil _99358 |
|
| 650 | 4 |
_aPSIQUIATRIA DEL ADOLESCENTE _91095 |
|
| 905 | _aLibro | ||
| 999 |
_c94718 _d94718 |
||